书目信息 |
| 题名: |
在改革中前进
|
|
| 作者: | 袁木 著 | |
| 分册: | ||
| 出版信息: | 北京 红旗出版社 1984 |
|
| 页数: | 138页 | |
| 开本: | 19cm | |
| 丛书名: | ||
| 单 册: | ||
| 中图分类: | D622 | |
| 科图分类: | ||
| 主题词: | 全国人民代表大会 | |
| 电子资源: | ||
| ISBN: | ||
| 000 | 00892nam0 2200241 45 | |
| 001 | 0184010507 | |
| 005 | 20060314085926.64 | |
| 010 | @dCNY0.45 | |
| 091 | @a3160.042 | |
| 100 | @a19950527d1984 em y0chiy0121 ea | |
| 101 | 0 | @achi |
| 102 | @aCN@b110000 | |
| 105 | @ay z 100yy | |
| 200 | 10 | @a在改革中前进@Azai gai ge zhong qian jin@e学习赵总理在六届人大二次会议上的《政府工作报告》@EXue Xi Zhao Zong Li Zai Liu Jie Ren Da Er Ci Hui Yi Shang De《Zheng Fu Gong Zuo Bao Gao》@f袁木著@FYuan Mu Zhu |
| 210 | @a北京@c红旗出版社@d1984 | |
| 215 | @a138页@d19cm | |
| 517 | @a学习赵总理在六届人大二次会议上的《政府工作报告》@AXue Xi Zhao Zong Li Zai Liu Jie Ren Da Er Ci Hui Yi Shang De《Zheng Fu Gong Zuo Bao Gao》 | |
| 606 | 0 | @a全国人民代表大会 |
| 690 | @aD622@v3 | |
| 701 | 0 | @a袁木@4著 |
| 801 | 2 | @aCN@bNLC@c20060314 |
| 801 | 0 | @aCN@b上海图书馆@c20040423 |
| 905 | @dD622@e10@f1@b172212 | |
| 在改革中前进:学习赵总理在六届人大二次会议上的《政府工作报告》/袁木著.-北京:红旗出版社,1984 |
| 138页;19cm |
| ISBN :CNY0.45 |
| ● |
| 相关链接 |
|
|
|
|
正题名:在改革中前进
索取号:D622/10
 
预约/预借
| 序号 | 登录号 | 条形码 | 馆藏地/架位号 | 状态 | 备注 |
| 1 | 0172210 | 202205737 | 密集书库/ [索取号:D622/10] | 在馆 | |
| 2 | 0172211 | 001111424 | 第一借阅区/ [索取号:D622/10] | 在馆 | |
| 3 | 0172212 | 001111415 | 第一样本阅览室/ [索取号:D622/10] | 在馆 |